Toronto Maple Leafs Roster 2026 - Statistics

General Stats
  • This quiz has been taken 3,712 times
    660 since last reset
  • The average score is 17 of 25
Answer Stats
# Birthplace Player % Correct
Forwards 34 California, USA Auston Matthews
99%
Forwards 88 Alberta, CAN William Nylander
97%
Forwards 91 Ontario, CAN John Tavares
89%
Goaltenders 60 Missouri, USA Joseph Woll
88%
Forwards 23 Arizona, USA Matthew Knies
88%
Forwards 11 Manitoba, CAN Max Domi
84%
Goaltenders 41 New Jersey, USA Anthony Stolarz
83%
Defencemen 44 British Columbia, CAN Morgan Rielly
80%
Defencemen 95 Blekinge, SWE Oliver Ekman-Larsson
78%
Forwards 89 California, USA Nick Robertson
70%
Forwards 53 Ontario, CAN Easton Cowan
69%
Forwards 74 Alberta, CAN Bobby McMann
68%
Defencemen 2 Quebec, CAN Simon Benoit
68%
Goaltenders 35 Uppland, SWE Dennis Hildeby
67%
Defencemen 22 Wisconsin, USA Jake McCabe
65%
Forwards 63 Varsinais-Suomi, FIN Matias Maccelli
64%
Forwards 55 Quebec, CAN Nicolas Roy
62%
Forwards 81 Michigan, USA Dakota Joshua
60%
Forwards 24 Ontario, CAN Scott Laughton
59%
Forwards 19 Gästrikland, SWE Calle Järnkrok
58%
Defencemen 25 Colorado, USA Brandon Carlo
57%
Forwards 18 Ontario, CAN Steven Lorentz
55%
Defencemen 51 New Brunswick, CAN Philippe Myers
50%
Defencemen 28 British Columbia, CAN Troy Stecher
47%
Defencemen 36 Illinois, USA Dakota Mermis
34%
No matching quizzes found
Score Distribution
Percent of People with Each Score
Percentile by Number Answered
Your Score History
You have not taken this quiz since the last reset